000 00617nam a2200193Ia 4500
999 _c10348
_d10348
008 200103 1959 s||||xx |||||||||||||| ||und||
082 _a621.9
_bWOR
245 0 _aWorkshop practice: a practical work for the draughtsman, the mechanic, the pattern-maker, and the foundryman, Vol. 7
250 _a3rd
260 _bThe New Era Publishing Co. Ltd.
_c1959
_aLondon
300 _axi, 355 p.: ill.
504 _aIncludes index
650 _aMachine-shop practice
650 _aPatternmaking
650 _aWorkshops
650 _aApplied mechanics
700 _aAtherton, William H.
_eEditor
942 _cBK